| 000 | 00511pab a2200169 454500 | ||
|---|---|---|---|
| 008 | 180718b2015 xxu||||| |||| 00| 0 eng d | ||
| 100 | _aSlavchevska, Vanya | ||
| 245 | _aAgricultural production and the nutritional status of family members in Tanzania | ||
| 260 | _c2015 | ||
| 300 | _ap.1016-1033. | ||
| 362 | _aAug | ||
| 650 | _aNutritional - Tanzania | ||
| 650 | _aAgricultural production - Tanzania | ||
| 650 | _aAgricultural production | ||
| 773 | _aJournal of Development Studies | ||
| 909 | _a109321 | ||
| 999 |
_c109316 _d109316 |
||